| Tag |
First Indicator |
Second Indicator |
Subfields |
| LEADER |
00000cam a2200000K 4500 |
| 001 |
in00003514513 |
| 006 |
m o d |
| 007 |
cr bn||||||abp |
| 007 |
cr bn||||||ada |
| 008 |
100323s1958 gw ob 000 0 eng d |
| 005 |
20260422205554.2 |
| 019 |
|
|
|a 610215744
|a 851367340
|
| 020 |
|
|
|a 9783642885631 (electronic bk.)
|
| 020 |
|
|
|a 3642885632 (electronic bk.)
|
| 020 |
|
|
|z 9783642885655
|
| 020 |
|
|
|z 3642885659
|
| 035 |
|
|
|a (OCoLC)567839394
|z (OCoLC)610215744
|z (OCoLC)851367340
|
| 040 |
|
|
|a OCLCE
|b eng
|e pn
|c OCLCE
|d OCLCQ
|d OCLCO
|d OCLCQ
|d AU@
|d GW5XE
|d OCLCQ
|d OCLCF
|d UtOrBLW
|
| 042 |
|
|
|a dlr
|
| 049 |
|
|
|a TXAM
|
| 050 |
|
4 |
|a QA360
|b .J4
|
| 072 |
|
7 |
|a PB
|2 bicssc
|
| 072 |
|
7 |
|a MAT000000
|2 bisacsh
|
| 082 |
0 |
4 |
|a 517.5
|a 518*
|
| 100 |
1 |
|
|a Jenkins, James Allister,
|d 1923-
|
| 245 |
1 |
0 |
|a Univalent functions and conformal mapping.
|
| 264 |
|
1 |
|a Berlin :
|b Springer,
|c 1958.
|
| 300 |
|
|
|a 1 online resource (167 pages)
|
| 336 |
|
|
|a text
|b txt
|2 rdacontent
|
| 337 |
|
|
|a computer
|b c
|2 rdamedia
|
| 338 |
|
|
|a online resource
|b cr
|2 rdacarrier
|
| 490 |
1 |
|
|a Ergebnisse der Mathematik und ihrer Grenzgebiete,
|x 0071-1136 ;
|v 18
|
| 504 |
|
|
|a Includes bibliographical references.
|
| 538 |
|
|
|a Master and use copy. Digital master created according to Benchmark for Faithful Digital Reproductions of Monographs and Serials, Version 1. Digital Library Federation, December 2002.
|u http://purl.oclc.org/DLF/benchrepro0212
|5 MiAaHDL
|
| 583 |
1 |
|
|a digitized
|c 2010
|h HathiTrust Digital Library
|l committed to preserve
|2 pda
|5 MiAaHDL
|
| 588 |
|
|
|a Description based on print version record.
|
| 500 |
|
|
|a Electronic resource.
|
| 650 |
|
0 |
|a Functions.
|
| 650 |
|
0 |
|a Conformal mapping.
|
| 650 |
|
7 |
|a Conformal mapping.
|2 fast
|0 (OCoLC)fst00875031
|
| 650 |
|
7 |
|a Functions.
|2 fast
|0 (OCoLC)fst00936106
|
| 655 |
|
7 |
|a Electronic books.
|2 local
|
| 710 |
2 |
|
|a SpringerLink (Online service)
|
| 776 |
1 |
8 |
|i Print version:
|a Jenkins, James Allister, 1923-
|t Univalent functions and conformal mapping.
|d Berlin, Springer, 1958
|w (DLC) 58003895
|w (OCoLC)1312026
|
| 830 |
|
0 |
|a Ergebnisse der Mathematik und ihrer Grenzgebiete ;
|v 18.
|
| 856 |
4 |
0 |
|u http://proxy.library.tamu.edu/login?url=https://link.springer.com/10.1007/978-3-642-88563-1
|z Connect to the full text of this electronic book
|t 0
|
| 994 |
|
|
|a 92
|b TXA
|
| 999 |
|
|
|a MARS
|
| 999 |
f |
f |
|s 2749e281-f766-3d03-85e1-bb475dd5252b
|i bc60a1c3-4c28-3435-9574-4c00eb89741c
|t 0
|
| 952 |
f |
f |
|a Texas A&M University
|b College Station
|c Electronic Resources
|s www_evans
|d Available Online
|t 0
|e QA360 .J4
|h Library of Congress classification
|
| 998 |
f |
f |
|a QA360 .J4
|t 0
|l Available Online
|